000 00639cab a2200205 4500
001 ABS44985
008 090401t1991 xxu||||| |||| 00| 0 eng d
035 _a(Sirsi) u50197
041 _aeng
100 _aDavey, E
245 _aProperty futures start a few hares
260 _c1991
350 _a0
490 _aPrivate Investor
_vSummer 1991, 75-80(3)
520 _aInvestigates the setting up of London Fox Property Futures Market and finds out who is expected to use which index and for what purpose.
650 _aPROPERTY FUTURES
690 _aPROPERTY-PROPERTY FINANCE AND INVESTMENT
942 _n0
948 _c04/03/1997
999 _c31340
_d31340